[Event "WA State, Invitational"]
[Site "Redmond, WA"]
[Date "2023.02.18"]
[Round "6"]
[White "Razmov, Valentin"]
[Black "Tessiore, Luca"]
[Result "1/2-1/2"]
[WhiteElo "1818"]
[BlackElo "1945"]
[Annotator "Valentin Razmov"]
[PlyCount "145"]
[EventDate "2023.02.11"]
[EventType "tourn"]
[EventRounds "9"]
[EventCountry "USA"]
[TimeControl "40/120+10:0"]

{This game was played in round 6, at which point both players had chances for
a podium finish, so the end result mattered.} 1. d4 Nf6 2. c4 e6 3. Nf3 d5 4.
Nc3 Bb4 {First small opening surprise by Black.} 5. Qa4+ {After some
contemplation, White decided not to follow the main lines after 5.Bg5, as the
opponent was likely freshly prepared there. One of the ideas behind Qa4+ is
that it forces Black's knight onto the c6-square, where it interferes (at
least for some time) with the typical pawn break c7-c5.} Nc6 6. Bg5 {By now
White has taken a sideline of a sideline, so the game progresses without much
effect of memorized lines from here onward.} ({An alternative is to play more
conventionally with} 6. e3 O-O 7. Qc2 b6 (7... Re8 8. Bd2) 8. Bd2 {but there
isn't much opening benefit for White to expect here.}) 6... Bd7 $6 {Second
opening surprise by Black. Although this is a normal move, it does not pose
much challenge for White.} (6... dxc4 {seems more challenging for White, as in
some variations White does not get their c-pawn back and plays for long-term
positional compensation much in the style of Catalan openings:} 7. e3 (7. e4
Bd7 8. Qc2 h6 9. Bd2 b5 $5 10. Nxb5 Bxd2+ 11. Nxd2 a6 12. Na3 Nxd4 13. Qxc4 Bb5
$15) 7... Bd7 8. Qc2 b5 9. Be2 a6 10. O-O $13) 7. Qb3 h6 8. Bxf6 Qxf6 9. e3
dxc4 10. Bxc4 O-O 11. O-O {After avoiding the more complicated opening lines 
(knowingly or unknowingly), the resulting position is only slightly better for
White.} Qe7 $6 {By itself not a bad move, but the beginning of a wrong plan.
Black was evidently more experienced in the classical QGD lines that continue
with some c7-c5 pawn break, and here they seek that opportunity, even though
it's not the best.} (11... Bd6 {instead moves the bishop away from any
possible tactical strikes and keeps a solid position for Black.}) 12. Qc2 {
Side-stepping the obvious threat ...Na5.} Na5 $6 {By now it's evident that
Black feels the urge to push c7-c5, so White looks for ways to capitalize on
that manufactured urge.} (12... Bd6 {is still okay for Black.}) 13. Be2 $146 {
The first truly new move. White aims to clear the d-file and bring that bishop
to the long diagonal h1-a8 in the long run.} c5 $2 $16 {Allowing White a
long-term pressure on a pawn weakness.} (13... Rac8 14. a3 Bd6 15. Rac1 Rfd8
$14) 14. a3 {Starting a forcing line...} Bxc3 15. Qxc3 b6 16. dxc5 Qxc5 17.
Qxc5 bxc5 $16 18. Rac1 $6 {Missing a strong and non-obvious way to put
considerable positional pressure on Black, where despite the symmetrical pawn
structure Black's pieces would be harder to develop and connect properly.} (18.
b4 $1 {White overlooked this move, as they were too fixated at this point on
the idea to exploit the c5-pawn weakness.} cxb4 (18... Nb7 19. Ne5 Rfd8 20. Ba6
Bc8 21. Rfd1 $16 (21. Nc6 Rd7 22. Rfd1)) 19. axb4 Nb7 (19... Nc6 $6 20. b5 Ne7
21. Ne5 $16) 20. Ne5 Be8 21. b5 $16) 18... Rfb8 19. Ne5 Bb5 {Practically
required. Black offered a draw here, which White felt was a bit premature, so
the play continued.} 20. Bxb5 {Played somewhat reluctantly...} ({Here White
spent a long time evaluating instead the consequences of} 20. Bf3 $5 Bxf1 {
including by sacrificing (temporarily) the exchange:} 21. Kxf1 $1 (21. Bxa8 Ba6
(21... Nb3 22. Rxf1 Rxa8 23. Rd1 $14) 22. Rxc5 Rxb2 23. f4 $14 {and White does
not gain much in that line.}) 21... c4 $1 22. Rc3 $1 {A strong move that White
missed while calculating- it supports the white rook while leaving Black
without a particularly useful move to help untangle. This omission was the
main reason for not taking the promising 20.Bf3 route.} (22. Bxa8 Rxa8 23. Rc3
Rc8 24. b4 f6 25. Nd3 Nb7 26. Nc5 Nd6 27. Nxe6 Nb5 $14) 22... Rb5 23. Bxa8 Rxe5
24. a4 $1 g5 25. g4 {and although the resulting endgame position remains
complicated, what is clear is that White plays for two results here.}) 20...
Rxb5 21. a4 $1 {Fighting for a positional advantage before Black has managed
to fully consolidate.} Rxb2 22. Rxc5 Nb7 23. Rc7 f6 $6 {Clearly, Black wants
to not lose their f7-pawn, but this move causes a considerable weakening of
Black's king-side pawn structure, which was to persist throughout the endgame.}
(23... Nd6 24. Rd7 Ne4 25. Rxf7 Ra2 26. Re7 Rxa4 27. Rxe6 a5 $14 {Black has
compensation for the sacrificed pawn. Still, it's always easier to sacrifice
other people's pawns. ;-)}) 24. Nc6 Kh7 $6 {Apparently preparing to add a rook
on g8 to protect the g7-pawn in the long-term, but this creates a bind on
Black's pieces.} (24... Nd8 25. Nxd8 (25. Ne7+ Kh7 26. h4) 25... Rxd8 26. Rxa7
Ra2 27. h3 Rdd2 28. g4 $14) 25. Nd4 Nd8 26. Rfc1 $6 {The idea of a strong rook
presence on the 7th rank is correct, but its realization here is bit rushed.
It was better to fix Black's weaknesses first:} (26. h4 $1 a5 27. h5 $16) 26...
e5 27. Nf5 Ne6 28. Re7 Rb6 $6 (28... Rc8 $1 {gains a tempo instead, bringing
Black's second rook to a more active position quickly:} 29. Rd1 Rd2 30. Rf1 Kg6
(30... Rc6 31. g4) 31. g4 Rc6 32. Kg2 $16) 29. g4 $1 a5 {Black spent 40
minutes here, looking for practical chances, and apparently found something
unexpected.} 30. Rd1 Rg8 31. Rdd7 {Black is in a bind. Almost a zugzwang
situation $1} Nc5 $5 {Objectively perhaps not the best option, according to
the engines, but this move offers Black an excellent chance -- both
psychologically (suddenly Black gains apparent activity in exchange for a pawn)
and practically (in the opponent's mild time trouble: White had 11 minutes
left to complete the next 9 moves.} 32. Rxg7+ $6 {It's hard to resist the
temptation of capturing material -- especially gaining extra material -- with
check.} (32. Rc7 $1 Ne6 (32... Nxa4 $2 33. Nxg7 $18) 33. Ra7 Kg6 34. h4 h5 35.
Red7 $1 $18 {threatening Ne7+}) 32... Rxg7 33. Rxg7+ Kh8 34. Ra7 Rb4 35. Ra8+ {
Repeating the position once while calculating options...} Kh7 36. Ra7+ Kh8 37.
Rxa5 $6 {With 6 minutes for 4 moves till the time control, White starts to err
and spill their advantage.} (37. Nxh6 Rxa4 38. Nf7+ Kg8 39. Nh6+ Kh8 40. Kg2
$16 {would offer better endgame conversion chances, but White was unsure how
dangerous Black's a-passer could become, and didn't want to take the risk on
it.}) 37... Rxg4+ 38. Kf1 Nxa4 {We're now at the second critical moment of the
endgame. A correct plan by White would win -- but it requires finding an only
move to start that plan; an incorrect plan gives Black excellent drawing
chances, as demonstrated in the game. Can you spot the correct winning plan 
(and best first move) for White $2} 39. f3 $2 {After some contemplation and
with just 1 minute left for the final move, White errs and loses their last
winning chance.} (39. Ra6 $1 {The winning idea is to focus on the f6-pawn
weakness, not h6 -- even if the latter is more apparent and \"the lower
hanging fruit\". The white knight on f5 is dominant and should not leave its
outpost -- otherwise, Black's king activates and White's win evaporates.} h5 (
39... Rg6 $4 40. Rxa4) 40. Rxf6 Rg5 41. h4 Rg4 42. Rh6+ Kg8 43. Re6 Kf7 44.
Rxe5 $18) 39... Rb4 {Here Black offered a second draw, and rightfully so. Plus,
the chance of a correct assessment by White with just 1 minute to go is
relatively small.} 40. Nxh6 $6 {White plays on auto-pilot... At least two
other move options were relatively better:} (40. Ra6 $1 Nb6 41. Kg2 $16) (40.
Kg2 Nc3 41. Ra6 $1 $16) 40... Nb6 41. Ra2 $6 {After spending 15 minutes to
build an endgame plan, White decides to bet on ensuring the forward path of
their king, rather than allowing ...Rb2 to limit its mobility. Although this
is a typical and valuable endgame idea, concretely in this position it wasn't
the best.} (41. Nf5 $5 {would have properly continued White's fight for a win:}
Rb2 (41... e4 42. f4 Rb2 43. h4 Nc4 44. Rc5 Nd2+ 45. Ke1 Nf3+ 46. Kd1 Rd2+ 47.
Kc1 Rh2 48. Rc6 Nxh4 49. Nxh4 Rxh4 50. Rxf6 $16) 42. h4 $1 Kh7 (42... e4 43.
fxe4 Nc4 44. Ra6 Kh7) 43. Rc5 Kg6 44. e4 Rd2 45. Rc7 Rd7 $16) ({The R+3P vs R
$146 endgame after} 41. Nf7+ Kg7 42. Nxe5 $2 fxe5 43. Rxe5 Nc4 {looked
interesting theoretically, but not promising for White. So White rejected that
option.}) 41... Nd5 42. Nf5 Kh7 43. Rg2 Rb1+ 44. Kf2 Rb2+ 45. Kg3 Rxg2+ $1 {
White was hoping to be able to increase their piece activity in the knight
endgame, but here Black's king and knight are first to reach that goal, which
ensures the drawn outcome of the game.} 46. Kxg2 Kg6 47. e4 Nf4+ 48. Kg3 Kh5
49. Ne3 {White tries for a bit longer, but the draw is never in doubt any more.
} Ne2+ 50. Kf2 Nd4 51. Ng4 Kg5 52. Ke3 Nc2+ 53. Kf2 Nd4 54. Ne3 Kf4 55. Nd5+
Kg5 56. Ne7 (56. h4+ Kxh4 57. Nxf6 Kg5) 56... Kf4 57. Ng6+ Kg5 58. Nh8 Kh6 (
58... f5) 59. Nf7+ Kg6 60. Nd6 Kg5 61. Ke3 Nc2+ 62. Ke2 Nd4+ 63. Ke3 Nc2+ 64.
Kf2 Nd4 65. Kg3 Ne2+ 66. Kg2 Nd4 67. Nc4 Kf4 68. Nd2 Ke3 69. Nf1+ Kf4 70. Ng3
Nxf3 71. Nh5+ Kxe4 72. Nxf6+ Kf5 73. Kxf3 {Congratulations to Luca on his
fantastic defense in the second part of the game $1} 1/2-1/2

[Event "WA State, Invitational"]
[Site "Redmond, WA"]
[Date "2023.02.19"]
[Round "8"]
[White "Colombo, Dominic"]
[Black "Jammalamadaka, Vihaan"]
[Result "1-0"]
[WhiteElo "1972"]
[BlackElo "1879"]
[Annotator "Dominic Colombo"]
[PlyCount "109"]
[EventDate "2023.02.11"]
[EventType "tourn"]
[EventRounds "9"]
[EventCountry "USA"]

{[%evp 0,109,26,26,47,47,85,45,77,65,57,52,55,7,72,51,80,51,51,51,51,29,33,11,
21,13,13,-9,20,37,79,69,89,87,71,61,61,63,61,49,63,55,48,48,82,51,51,51,51,30,
102,102,102,103,93,87,134,136,136,136,130,110,115,127,105,105,175,183,180,183,
177,186,241,241,231,231,375,200,230,200,239,240,256,247,263,263,235,235,235,
214,241,215,230,258,248,259,292,279,347,305,299,281,483,422,694,698,835,903,
863,1075,1682,1757]} 1. e4 c5 2. Nf3 Nf6 3. Nc3 d5 {A very offbeat line that
came up in preparation.} 4. exd5 Nxd5 5. Bb5+ Bd7 6. Ne5 Nf6 {The best move,
other natural moves like Bxb5 do not work due to tactics.} (6... Bxb5 7. Qf3 f6
8. Nxb5 fxe5 9. Qxd5 Qxd5 10. Nc7+ Kf7 11. Nxd5 {While the position is still
even, White is practically better due to a better pawn structure and more king
safety.}) 7. Qf3 Qc8 {Required to guard the b7 pawn.} (7... Bxb5 8. Qxb7) 8.
Nxd7 Nbxd7 9. d3 e6 (9... a6 {would have been a slight improvement to release
some of the tension in Black's position.}) 10. Bg5 Be7 11. h4 {With the idea
of breaking down Black's kingside while maintaining the flexibility of
castling in either direction.} a6 12. Bxd7+ Qxd7 13. h5 Nd5 {Nd5 is an
inaccuracy. It allows White to break down Black's kingside position. h6 would
have been much better, and it would have likely to a position seen in the
following line where I liked my attacking chances:} (13... h6 14. Bh4 O-O 15.
O-O-O b5 16. g4) 14. Bxe7 Nxe7 {Taking with the Queen would have been better.
It may have led to the following line where White's activity may make him
slightly better.} (14... Qxe7 15. Nxd5 exd5+ 16. Kf1 O-O-O 17. Re1 Qd7 18. Rh4)
15. h6 gxh6 16. Ne4 Qc6 17. Nf6+ {Qf6 would have been better than Nf6. I
struggled with the decision of whether to trade the Queens or keep them on the
board, but I decided to trade them because I thought the resulting endgame
would be better for me and easier to convert. The resulting variations show
that white is better but black is able to safely castle.} (17. Qf6 Rf8 (17...
Rg8 18. Rxh6 Rxg2 19. Rxh7) 18. O-O-O Nd5 19. Qg7 O-O-O 20. Rxh6) 17... Kd8 18.
Qxc6 Nxc6 19. Rxh6 Ke7 20. O-O-O Nd4 21. Ne4 {To avoid Nf5 where the White
Knight will have trouble getting out.} (21. Rdh1 Nf5 22. Rxh7 Rxh7 23. Nxh7 Rg8
) 21... f5 22. Nd2 {Nf6 or Nxc5 would have been improvements but I missed Nf6
and planned to reroute my Knight to the queenside. The activity Black got
after Nxc5 felt unnecessary.} (22. Nf6) ({ } 22. Nxc5 Rac8 23. Nb3 Nxc2 24.
Kb1 Nb4) 22... Rag8 23. g3 Rg6 24. Rdh1 {Rh5 would have been better to avoid
the trade of Rooks. The two Rooks ending is easier to maintain an advantage.} (
24. Rh5 h6) 24... Kf7 {Kf7 is a blunder. After Rxh7 Black is down a pawn and
lacking activity. If Black trades rooks he will still be worse due to activity
but the material is equal and Black should be able to hold a draw.} (24... Rxh6
25. Rxh6 Kf7 26. c3 Kg7 27. Rh4 Nc6) 25. Rxh7+ Rxh7 26. Rxh7+ Rg7 {I avoided
the trade of rooks because the Rook ending would be much simpler to convert
than a minor piece endgame.} 27. Rh4 e5 28. c3 Nc6 29. Nc4 Kg6 30. Ne3 Rd7 31.
Kc2 b5 32. Rh8 {An important move. Now the White rook will infiltrate and
Black's pawns will begin to fall.} f4 33. gxf4 exf4 34. Ng2 Ne5 35. Nxf4+ Kg7
36. Rc8 c4 37. d4 Rf7 38. Rc7 {The simplest way to convert.} Nd7 {The Rook can
not take due to the following line which is easily winning. White is up two
pawns and the a6 and b5 pawns will fall as well.} (38... Rxc7 39. Ne6+ Kf7 40.
Nxc7) 39. Ne2 (39. Ne6+ {is interesting as well, but Nd2 and f4 to secure the
two pawn advantage was simpler.}) 39... Kf8 40. f4 Ke7 41. Ra7 Rf6 42. Kd2 Kd8
43. Ra8+ Kc7 44. Rh8 {I moved my rook to the kingside to avoid any possible
rook traps with Nb8.} Nb6 45. Rh5 Kc6 46. Ke3 Nd5+ 47. Ke4 Nc7 (47... Re6+ 48.
Re5 {Now the point of Rh5 becomes clear.}) 48. f5 Rf8 49. Rh6+ Kd7 50. Nf4 a5 (
50... Re8+ {does not keep the King from advancing due to the following line.
The King could also reroute by going through f3 and then g4.} 51. Ne6 Nxe6 52.
fxe6+ Rxe6+ 53. Rxe6 Kxe6 54. d5+) 51. Ke5 {Rh7+ would have been an
improvement as it wins a piece, but I did not see it and was planning to bring
the King forward.} (51. Rh7+ Kd6 52. Rxc7 Re8+ 53. Ne6) 51... b4 52. Rh7+ {
1 - 0. He resigned because of the following line where Black has no more
counterplay or tricks.} Kc6 (52... Kd8 53. Rxc7 Re8+ 54. Kd6) 53. Rxc7+ Kxc7
54. Ne6+ Kb6 55. Nxf8 1-0

[Event "WA State, Challengers"]
[Site "Redmond, WA"]
[Date "2023.02.19"]
[Round "7"]
[White "Razmov, Gabriel"]
[Black "Demberel, Amana"]
[Result "1-0"]
[WhiteElo "1574"]
[BlackElo "1589"]
[Annotator "Gabriel Razmov"]
[PlyCount "59"]
[EventDate "2023.02.11"]
[EventType "tourn"]
[EventRounds "9"]
[EventCountry "USA"]

1. e4 c5 2. Nf3 e6 {The French Variation of the Sicilian.} 3. d4 cxd4 4. Nxd4
Nf6 5. Nc3 d6 {Transposing into a sharp Scheveningen line.} 6. Be2 Be7 7. Be3
a6 8. O-O O-O 9. a4 {One of the more common moves. This is played to prevent 
(or at least make harder) Black's possible ...b5 next move, which would
threaten to displace the c3-knight, in turn making White's center much less
stable.} Qc7 10. f4 Nc6 11. Bf3 e5 {A good central break. If this isn't played
soon enough, White can simply steamroll Black via Qd2, g4, Qg2, h4, and then
g5. The resulting position is sometimes defensible, but it poses a much harder
task for Black.} 12. Nf5 (12. Nde2 {was another good choice. After} Na5 13. Bf2
Bd7 (13... exf4 $6 14. Nxf4 {and now White has good control over the d5-square
and d6 is a backward pawn.}) 14. f5 {White retains a good position. Black will
play for ...b5 and/or ...d5.}) 12... Bxf5 13. exf5 exf4 14. Bxf4 Qb6+ $6 {
A natural choice, but an incorrect one. Black cannot take the pawn, as
analysis shows, and it only helps White's king move onto a better diagonal.} (
14... Ne5 {would have been a much better choice. If White is to retain the two
bishops, he might try} 15. Be4 {but after} Neg4 16. Kh1 Qb6 17. Qf3 Nxe4 18.
Qxe4 Qxb2 19. Qf3 $1 Ne5 20. Qg3 Bh4 $1 {seems to save the day for Black.} 21.
Qh3 Rac8 22. Nd5 Bd8 $14) 15. Kh1 Ne5 $2 (15... Qxb2 $2 {wouldn't work due to}
16. Qd2 Qb6 17. g4 $16 {White is much better as he has a strong kingside
attack.}) (15... Rad8 {is a much better try, though} 16. Ra3 $1 {is a very
interesting attempt, and definitely best here. It must be answered by an only
move} ({The obvious choice} 16. Nd5 {isn't so good:} Nxd5 17. Bxd5 Nb4 18. Bb3
Bf6 $16 {Black should be fine here.}) 16... d5 17. Rb3 Qd4 {Black can try to
hold on here, but White is clearly much better.}) 16. Bxe5 $2 {The first big
mistake of the game.} (16. Nd5 $1 {and White stands clearly better. After} Nxd5
17. Bxd5 Rac8 18. b3 $16 {White's position is very solid and he can easily
play for a win here. Black doesn't have a great plan in this position.}) 16...
dxe5 17. Rb1 Rad8 18. Qe2 Bd6 $2 {Black returns the favor, and White responds
correctly.} (18... Rd4 19. Rfd1 Rxd1+ 20. Qxd1 Rd8 21. Qe2 Rd4 $15) 19. Nd5
Nxd5 20. Bxd5 Qc7 $2 {After this mistake, Black is nearly losing. He may not
allow 21.f6 with decisive effect.} (20... Be7 {keeps holding on, though White
is still clearly on the offensive.} 21. c4 Qf6 $14) 21. f6 g6 22. Qe3 $6 {
A slight slip.} (22. Qe4 $1 {is a slightly better choice. Now after} Rd7 23. c4
{White can also expand on the queenside; Black is very much tied up and is
close to being positionally lost.}) 22... Rfe8 23. Bb3 $2 {A serious mistake
that hands Black the advantage with accurate defense. As White wastes a tempo
in defending his bishop, his initiative evaporates.} (23. Qe4 {would still
work - after} b5 24. h4 Kh8 25. axb5 axb5 26. Rbd1 $16 {White's position
remains clearly better, though there is a lot still to play.}) 23... Bf8 24.
Rf3 $2 {White is already committed to the attack, so he naturally pursues it.
But here, White should instead take a step back and choose a more solid
approach. At this point, White might have been taken aback by suddenly
allowing Black defensive chances, so he was acting out of emotion.} (24. Qe4 {
again works out for White. After} Qc6 25. Rbe1 {White doesn't have much of an
attack any more, but still has a decent position.}) 24... Qc5 $2 {Allowing
White to climb back into the game, and after missing his earlier chances when
Black showed resourcefulness, White grabs his last chance to equalize.} (24...
e4 $1 {would put White in some trouble, as} 25. Rff1 Qe5 $17 {and now Black
has the more active pieces $1}) 25. Qe4 Qc6 26. Qh4 h5 $2 {Black cracks under
pressure and now White has an advantage and initiative.} (26... Rd4 {and after
the line} 27. Bxf7+ Kxf7 28. Qxh7+ Ke6 $17 {a very unclear and interesting
position arises where Black should be slightly better in the long run.}) 27.
Rg3 Re6 $4 {Missing the only defense.} ({The tricky} 27... Kh8 $1 {saves Black,
as even after} 28. Rg5 Bh6 $1 29. Bxf7 Qxc2 $1 {Black will have chances,
though White is still the one seeking the full point.} 30. Re1 Bxg5 31. Qxg5
Kh7 $1 32. Bxe8 Rxe8 33. h3 $14) 28. Bxe6 Qxe6 29. Rf1 $2 {White didn't miss
the instant win, but wanted to build up to it. This mistake isn't a serious
one, as White is still winning even with best defense.} (29. Rxg6+ $1 {would
be a slightly better choice.} fxg6 30. f7+ Qxf7 31. Qxd8) 29... Bh6 $2 {
Now, White's tactic comes with even more decisive effect.} (29... Rd4 30. Qxh5
Rxa4 31. Qe2 $18 {is the best Black has, but as is clear, White is still
winning.}) 30. Rxg6+ $1 {Here Black resigned, seeing that after 30...fxg6 31.
f7+ White will win the queen or promote the pawn. After the objectively best
30...Kh7, White can simply retreat 31.Rg3 and the material advantage, coupled
with the exposed Black king, should win easily.} 1-0